00715nam a22001817a 4500003000900000008004100009040007100050082001500121100002200136245003400158260009600192300002400288440003100312505012700343650001700470650001600487650003000503AR-CdUCM190312b ||||| |||| 00| 0 spa d aMUNICIPALIDAD PROVINCIAL DEL CUSCOcBIBLIOTECA MUNICIPAL DEL CUSCO a396 /bR74 aRodriguez V, Lino aMujer: Trabajo y Fecundidad / aLima :bTalleres Graficos del Centro Interamericano de Administración del Trabajo,c1984. a87 paginas ;c24cm. aBibliografias Tematicasn5 aContenido: Estudios generales, conceptuales, metodologicos -- Panorama por paises -- Informes de reuniones -- legislacion  aMetodologias aLegislacion aConvenios internacionales